000 01089nam a2200193 4500
005 20260401114251.0
008 260311b |||||||| |||| 00| 0 eng d
020 _a9789388002295
037 _cTextual
040 _aRTL
_cRTL
084 _qRTL
_a∑:f Q3
100 _aEdwards, Rosalind
_91131708
245 _aWhat is qualitative interviewing?
260 _aNew Delhi
_bBloomsbury
_c2013
300 _axi, 127 p.
_bIncludes bibliographical reference and index
520 _aWhat is Qualitative Interviewing? is an accessible and comprehensive 'what is' and 'how to' methods book. It is distinctive in emphasising the importance of good practice in understanding and undertaking qualitative interviews within the framework of a clear philosophical position. Rosalind Edwards and Janet Holland provide clear and succinct explanations of a range of philosophies and theories of how to know about the social world, and a thorough discussion of how to go about researching it using interviews.
700 _aHolland, Janet
_eCo-author
_91131709
942 _2CC
_n0
_cTEXL
_h∑:f Q3
999 _c1715144
_d1715144